Les 500 plus grandes villes du monde. - Statistiques

Statistiques générales
  • Ce quiz a été pris 1 746 fois
  • Le résultat moyen est 161 sur 500
Statistiques - réponses
Villes Pays Population % Correct
Tokyo Japon 42,796,714
95%
New York Etats-Unis 22,589,036
94%
Paris France 13,064,617
94%
Pekin Chine 21,634,279
92%
Londres Royaume-Uni 14,611,324
90%
Mexico Mexique 21,634,279
90%
Moscou Russie 20,215,638
90%
Le Caire Egypte 24,439,785
89%
Los Angeles Etats-Unis 18,711,436
89%
New Delhi Inde 26,454,086
88%
Rio de Janeiro Bresil 12,699,743
88%
Berlin Allemagne 4,469,439
87%
Marseille France 1,863,762
87%
Seoul Coree du Sud 26,000,782
87%
Buenos Aires Argentine 15,095,458
85%
Lyon France 2,259,411
85%
Madrid Espagne 6,475,872
85%
Rome Italie 4,340,474
85%
Shanghai Chine 26,317,104
85%
Delta de la Rivieres des Perles (Hong Kong, Guangzhou, Shenzhen) Chine 65,701,102
84%
Jakarta Indonesie 35,143,473
84%
Sao Paulo Bresil 36,315,721
84%
Barcelone Espagne 5,407,264
83%
Istanbul Turquie 15,067,724
83%
Alger Algerie 7,796,923
82%
Milan Italie 8,247,125
82%
Osaka-Kyoto-Kobe Japon 19,777,590
82%
Bombay Inde 24,337,933
81%
Washington-Baltimore Etats-Unis 9,814,928
81%
Manille Philipines 28,644,207
80%
Bangkok Thailande 18,927,786
79%
Sydney Australie 5,367,206
79%
Bogota Colombie 10,985,285
78%
Brasilia Bresil 4,560,505
78%
Miami Etats-Unis 6,889,936
78%
Randstad (Amsterdam, Rotterdam, La Haye, Utrecht, Haarlem) Pays Bas 7,879,720
78%
Saint-Petersbourg Russie 6,290,174
78%
Chicago Etats-Unis 9,825,325
77%
Dacca Bangladesh 18,615,648
77%
Kiev Ukraine 4,660,231
77%
Lima Perou 12,104,036
77%
Ankara Turquie 5,503,985
76%
Bruxelles Belgique 2,967,513
76%
Munich Allemagne 2,879,107
76%
Le Cap Afrique du Sud 4,004,793
75%
Lisbonne Portugal 2,812,678
75%
Teheran Iran 15,980,037
75%
Manchester Royaume Uni 2,782,141
74%
Naples Italie 4,434,136
74%
Lille France 1,503,719
73%
Rabat Maroc 2,134,533
73%
Dubai Emirats Arabes Unis 5,429,549
72%
Dublin Irlande 1,907,332
72%
Kinshasa Republique Democratique du Congo 12,641,463
72%
Lagos Nigeria 22,829,561
72%
Montreal Canada 4,364,189
72%
Porto Portugal 1,723,618
72%
San Francisco Etats-Unis 9,665,887
72%
Santiago Chili 7,482,635
72%
Varsovie Pologne 3,386,904
72%
Athenes Grece 3,742,235
71%
Bagdad Irak 13,034,225
71%
Boston Etats-Unis 8,287,710
71%
Budapest Hongrie 3,303,786
71%
Stockholm Suede 2,269,060
71%
Oslo Norvege 1,520,934
70%
Ottawa Canada 1,461,494
70%
Singapour Singapour 8,081,299
70%
Toronto Canada 6,555,205
70%
Tunis Tunisie 2,751,341
70%
Bucarest Roumanie 2,395,515
69%
Turin Italie 2,282,197
69%
Vienne Autriche 2,717,459
69%
Copenhague Danemark 2,931,445
68%
Dallas Etats-Unis 8,057,796
67%
Greensboro - Salem Etats-Unis 1,689,151
67%
Islamabad Pakistan 7,902,211
67%
Gauteng (Johannesbourg, Pretoria) Afrique du Sud 14,717,040
66%
Hambourg Allemagne 3,173,871
66%
Hanoi Vietnam 7,588,150
66%
Jerusalem Israel 1,254,200
66%
Liverpool Royaume-Uni 1,742,159
66%
Nairobi Kenya 7,626,752
66%
Riyad Arabi Saoudite 6,920,365
66%
Taipei Taiwan 9,194,775
66%
Toulouse France 1,433,656
66%
Bordeaux France 1,341,775
65%
Caracas Venezuela 4,938,596
65%
Kuala Lumpur Malaisie 8,178,330
65%
Seville Espagne 1,944,430
65%
Calcutta Inde 16,681,589
64%
Casablanca Maroc 4,270,750
64%
Helsinki Finlande 1,456,619
64%
Dakar Senegal 3,938,358
63%
Houston Etats-Unis 7,253,193
63%
Prague Republique Tcheque 2,002,930
63%
Sanaa Yemen 2,957,392
63%
Las Vegas Etats-Unis 2,313,238
62%
Melbourne Australie 5,159,211
62%
Pyongyang Coree du Nord 3,471,773
62%
Seattle Etats-Unis 4,903,675
62%
Valence Espagne 2,513,965
62%
Valence Venezuela 1,818,628
62%
Vancouver Canada 2,737,698
62%
Damas Syrie 3,688,278
61%
Doha Qatar 2,365,356
61%
Kaboul Afghanistan 5,029,850
61%
Philadelphie Etats-Unis 7,209,620
61%
Quito Equateur 2,671,191
60%
Alexandrie Egypte 5,278,745
59%
Beyrouth Liban 2,916,776
59%
Denver Etats-Unis 3,617,927
59%
Francfort Allemagne 3,794,360
59%
La Paz Bolivie 1,966,110
59%
Sofia Bulgarie 1,681,592
59%
Atlanta Etats-Unis 6,853,392
58%
Birmingham Royaume-Uni 3,866,956
58%
Birmingham Etats-Unis 1,317,702
58%
Brazzaville Congo 1,838,348
58%
Minsk Bielorussie 2,645,500
58%
San Diego - Tijuana Etats-Unis 5,319,631
58%
Tripoli Libye 2,361,811
58%
Bamako Mali 4,347,997
57%
Koweit Koweit 4,727,665
57%
La Havane Cuba 2,130,081
57%
Montevideo Uruguay 2,078,343
57%
Tel-Aviv - Jaffa Israel 3,954,570
57%
Abidjan Cote d'Ivoire 4,707,404
56%
Ho-Chi-Minh-Ville Vietnam 13,648,914
56%
Marrakech Maroc 1,330,468
56%
Panama Panama 1,986,447
56%
Detroit Etats-Unis 5,696,911
55%
Karachi Pakistan 16,625,813
55%
San Jose Costa Rica 2,579,036
55%
Belgrade Serbie 1,801,377
54%
Florence Italie 1,558,434
54%
Guatemala Guatemala 5,484,569
54%
Khartoum Soudan 8,524,021
54%
Luanda Angola 9,165,776
54%
Zurich Suisse 1,401,783
54%
Cracovie Pologne 1,489,401
53%
Phoenix Etats-Unis 5,002,221
53%
Wuhan Chine 10,892,900
53%
Accra Ghana 5,390,455
52%
Addis Abeba Ethiopie 5,153,002
52%
Amman Jordanie 6,101,172
52%
Bakou Azerbaidjan 2,836,085
51%
Glasgow Royaume-Uni 1,738,700
51%
Antananarivo Madagascar 3,209,933
50%
Anvers Belgique 1,245,828
50%
Port-au-Prince Haiti 3,744,077
50%
Asuncion Paraguay 2,644,920
49%
Palerme Italie 1,271,406
49%
Yaounde Cameroune 2,765,568
49%
Leeds Royaume Uni 2,299,673
47%
Ouagadougou Burkina Faso 2,966,307
47%
Oulan-Bator Mongolie 1,465,379
47%
Perth Australie 2,125,114
47%
Abuja Nigeria 1,568,853
46%
Colombo Sri Lanka 6,080,926
46%
Katmandou Nepal 3,414,996
46%
Austin Etats-Unis 2,227,083
45%
La Ruhr (Dortmund, Essen, Bochum) Allemagne 10,642,890
45%
Medellin Colombie 3,909,729
45%
Phnom Penh Cambodge 3,324,918
44%
Guadalajara Mexique 5,265,099
43%
La Mecque Arabi Saoudite 1,969,861
43%
Malaga - Marbella Spain 1,654,895
43%
San Antonio Etats-Unis 2,571,266
43%
San Salvador Salvador 2,618,205
43%
Stuttgart Allemagne 2,996,440
43%
Auckland Nouvelle-Zelande 1,657,200
42%
Bangalore Inde 13,180,744
42%
Conakry Guinee 2,317,376
42%
Saint Domingue Republique Dominicaine 4,263,801
42%
Charlotte Etats-Unis 2,797,636
41%
Dar es Salam Tanzanie 5,572,776
41%
Lahore Pakistan 12,328,075
41%
Lome Togo 2,133,579
41%
Mogadiscio Somalie 2,275,976
41%
N'Djamena Tchad 1,896,032
41%
Orlando Etats-Unis 4,160,646
41%
Portland Etats-Unis 3,259,710
41%
Freetown Sierra Leone 1,628,901
40%
Hiroshima Japon 1,882,601
40%
Belo Horizonte Bresil 5,916,189
39%
Cardiff Royaume-Uni 1,279,337
39%
Indianapolis Etats-Unis 2,457,286
39%
Memphis Etats-Unis 1,371,039
39%
Oran Algerie 1,343,899
39%
Harare Zimbabwe 3,465,389
38%
Managua Nicaragua 2,245,408
38%
Maputo Mozambique 2,596,748
38%
Minneapolis Etats-Unis 4,027,861
38%
Xi'an Chine 12,905,600
38%
Brisbane Australie 2,560,720
37%
Izmir Turquie 4,320,519
37%
Kampala Ouganda 4,101,302
37%
Monterrey Mexique 5,228,659
37%
Salt Lake City Etats-Unis 2,641,048
37%
Tachkent Ouzbekistan 3,423,283
37%
Abou Dhabi Emirats Arabes Unis 1,935,234
36%
Lusaka Zambie 3,100,467
36%
Niamey Niger 1,565,056
36%
Salvador Bresil 3,899,533
36%
Busan Coree du Sud 8,050,434
35%
Kigali Rwanda 1,431,911
35%
Newcastle Royaume-Uni 1,650,900
35%
Saint Louis Etats-Unis 2,907,648
35%
Jacksonville Etats-Unis 1,688,701
34%
Nagoya Japon 11,321,935
34%
Sacramento Etats-Unis 2,639,124
34%
Chennai Inde 12,906,602
33%
Manama Bahrein 1,505,555
33%
Manaus Bresil 2,631,239
33%
Nashville Etats-Unis 2,062,547
33%
Cali Colombie 4,022,967
32%
Donetsk Ukraine 1,623,194
32%
Gdansk Pologne 1,325,605
32%
Kansas City Etats-Unis 2,501,151
32%
Recife Bresil 4,054,866
32%
Lilongwe Malawi 2,626,901
31%
Antalya Turquie 2,426,356
30%
Bari Italie 1,263,820
30%
Calgary Canada 1,543,283
30%
Monrovia Liberia 1,716,637
30%
Nouvelle-Orleans Etats-Unis 1,507,017
30%
Nuremberg Allemagne 1,340,886
30%
Oklahoma City Etats-Unis 1,481,542
30%
Asmara Erythree 1,258,001
29%
Durban Afrique du Sud 3,661,911
29%
Gaza Palestine 1,943,398
29%
Hyderabad Inde 14,731,106
29%
Hyderabad Pakistan 3,192,605
29%
Rangoon Birmanie 8,571,870
29%
Cleveland Etats-Unis 3,586,918
28%
Tianjin Chine 15,621,200
28%
Volgograd Russie 1,412,494
28%
Alep Syrie 1,740,622
27%
Chengdu Chine 14,677,122
27%
Chongqing Chine 15,384,000
27%
El Paso Etats-Unis 2,518,242
27%
Kazan Russie 1,680,834
27%
Naypyidaw Birmanie 1,307,354
27%
Lodz Pologne 1,428,579
26%
Louisville Etats-Unis 1,489,142
26%
Milwaukee Etats-Unis 2,047,966
26%
Rostov Russie 2,212,875
26%
Fortaleza Bresil 4,074,730
25%
Sapporo Japon 2,622,978
25%
Sheffield Royaume-Uni 1,566,412
25%
Tampa Etats-Unis 3,194,831
25%
Tijuana Mexique 1,981,301
25%
Ahmedabad Inde 8,067,743
24%
Edmonto Canada 1,468,926
24%
Jaipur Inde 3,210,570
24%
Kano Nigeria 4,956,615
24%
Porto Alegre Bresil 4,317,508
24%
Bandung Indonesie 8,767,734
23%
Douala Cameroune 2,768,436
23%
Nanjing Chine 8,436,200
23%
Nottingham - Derby Royaume-Uni 1,614,379
23%
San Juan Porto Rico 2,297,875
23%
Belem Bresil 2,491,052
22%
Columbus Etats-Unis 2,525,639
22%
Macao Chine 1,394,336
22%
Murcie - Carthagene Espagne 1,467,721
22%
Xiamen-Quanzhou Chine 13,764,758
22%
Alicante - Elche Espagne 1,825,389
21%
Cincinnati Etats-Unis 2,280,246
21%
Cotonou Benin 2,557,723
21%
Pittsburgh Etats-Unis 2,603,259
21%
Pune Inde 6,226,959
21%
Surabaya Indonesie 13,319,229
21%
Rosario Argentine 1,290,459
20%
Urumqi Chine 3,550,000
20%
Harbin Chine 5,282,093
19%
Aden Yemen 1,760,923
18%
Cordoba Argentine 1,516,819
18%
Dnipro Ukraine 1,460,195
18%
Guayaquil Equateur 3,564,222
18%
Jeddah Arabie Saoudite 4,082,184
18%
Krasnodar Russie 1,441,866
18%
Mannheim Allemagne 1,400,533
18%
Chittagong Bangladesh 4,119,026
17%
Curitiba Bresil 3,615,027
17%
Fukuoka-Kitakyushu Japon 4,293,873
17%
Hangzhou Chine 10,018,000
17%
Santa Cruz Bolivie 2,249,657
17%
Almaty Kazaghstan 1,916,822
16%
Raleigh - Durham Etats-Unis 2,079,687
16%
Agra Inde 1,746,467
15%
Bandar Indonesie 1,482,960
15%
Benghazi Libye 1,368,807
15%
Bursa Turquie 2,994,521
15%
Ibadan Nigeria 5,881,345
15%
Medan Indonesie 5,189,241
15%
Qingdao Chine 6,352,500
15%
Barranquilla Colombie 2,450,127
14%
Daegu Coree du Sud 3,384,253
14%
Fuzhou Chine 3,061,000
14%
Leon Mexique 1,942,677
14%
Puebla-Tlaxcala Mexique 3,169,357
14%
Samara Russie 2,732,321
14%
Shenyang Chine 8,294,171
14%
Cebu Philipines 2,849,213
13%
Lucknow Inde 3,089,651
13%
Maracaibo Venezuela 3,351,104
13%
Mombasa Kenya 1,535,899
13%
Omsk Russie 1,261,079
13%
Surate Inde 6,635,001
13%
Tbilisi Georgie 1,447,033
13%
Yerevan Armenie 1,980,000
13%
Benin City Nigeria 2,571,798
12%
Denpasar Indonesie 2,223,070
12%
Fresno Etats-Unis 1,309,368
12%
Gaziantep Turquie 1,974,244
12%
Kunming Chine 4,677,200
12%
Nagpur Inde 2,607,981
12%
Natal Bresil 1,587,055
12%
Perm Russie 1,306,876
12%
Virginia Beach - Norfolk Etats-Unis 1,859,197
12%
Changsha Chine 5,288,800
11%
Ciudad Juarez Mexique 1,455,923
11%
Faisalabad Pakistan 7,873,910
11%
Hefei Chine 3,865,000
11%
Jinan Chine 4,693,700
11%
Kharkov Ukraine 1,732,432
11%
Konya Turquie 2,161,303
11%
Richmond Etats-Unis 1,291,900
11%
Shantou Chine 14,251,500
11%
Suzhou Chine 10,721,900
11%
Davao Philipines 2,516,216
10%
Indore Inde 2,167,447
10%
Kumasi Ghana 2,477,604
10%
Mandalay Birmanie 2,442,763
10%
Medina Arabi Saoudite 1,374,567
10%
Muscat Oman 1,459,249
10%
Port Harcourt Nigeria 2,306,662
10%
Sendai Japon 1,749,503
10%
Zhengzhou Chine 5,810,000
10%
Adana - Mersin Turquie 3,975,522
9%
Bhopal Inde 1,883,381
9%
Brescia Italie 1,264,105
9%
Kanpur Inde 3,627,313
9%
Lanzhou Chine 2,989,600
9%
Lubumbashi Republique Democratique du Congo 2,096,961
9%
Nanning Chine 1,668,974
9%
Novosibirsk Russie 2,093,266
9%
Peshawar Pakistan 4,269,079
9%
San Pedro Honduras 1,510,151
9%
Sao Luis Bresil 1,621,102
9%
Tabriz Iran 1,558,693
9%
Wenzhou Chine 1,272,671
9%
Changchun Chine 4,361,100
8%
Erbil Irak 1,751,636
8%
Hartford Etats-Unis 1,470,083
8%
Patna Inde 2,803,131
8%
Semarang Indonesie 7,242,987
8%
Ufa Russie 1,454,053
8%
Aba Nigeria 1,736,361
7%
Arequipa Perou 1,287,205
7%
Coimbatore Inde 2,151,466
7%
Dongguan Chine 8,254,100
7%
Goiania Bresil 2,518,775
7%
Guiyang Chine 3,483,100
7%
Harrisburg Etats-Unis 1,271,801
7%
Isfahan Iran 3,569,639
7%
Jilin Chine 1,975,803
7%
Luxor Egypte 1,291,530
7%
Nanchang Chine 4,171,926
7%
Ningbo Chine 1,325,422
7%
Pattaya Thailande 1,421,425
7%
Quetta Pakistan 2,275,699
7%
Toluca Mexique 2,408,412
7%
Varanasi Inde 1,510,007
7%
Vitoria Bresil 1,951,673
7%
Wuxi Chine 3,542,319
7%
Xuzhou Chine 1,655,875
7%
Zibo Chine 4,412,016
7%
Basra Irak 3,802,881
6%
Damman Arabi Saoudite 2,407,603
6%
Haiphong Vietnam 2,103,500
6%
Kaohsiung Taiwan 3,615,163
6%
Mashhad Iran 3,001,184
6%
Mbuji-Mayi Republique Democratique du Congo 3,367,582
6%
Palembang Indonesie 2,541,847
6%
Surakarta Indonesie 5,984,519
6%
Tainan Taiwan 1,886,033
6%
Taiyuan Chine 3,525,300
6%
Taiz Yemen 1,615,222
6%
Yekaterinburg Russie 2,211,425
6%
Yogyakarta Indonesie 4,010,436
6%
Anshan - Liaoyang Chine 3,745,884
5%
Changzhou Chine 3,290,918
5%
Cochabamba Bolivie 1,359,232
5%
Daejeon Coree du Sud 2,037,823
5%
Dushanbe Tadjikistan 1,600,100
5%
Izmit Turquie 1,830,772
5%
Johor Bahru Malaisie 2,400,520
5%
Kaduna Nigeria 2,192,441
5%
Kisangani Republique Democratique du Congo 1,602,144
5%
Kochi Inde 2,117,990
5%
Madurai Inde 1,462,420
5%
Malang Indonesie 2,795,209
5%
Okayama Japon 1,305,335
5%
Rajkot Inde 1,505,231
5%
Samsun Turquie 1,295,927
5%
Shijiazhuang Chine 4,303,700
5%
Shiraz Iran 1,565,572
5%
Tegucialpa Honduras 2,383,153
5%
Abdelaide Australie 1,376,601
4%
Antakya Turquie 1,555,165
4%
Baotou Chine 1,533,926
4%
Blantyre Malawi 1,251,484
4%
Cape Coast Ghana 1,256,805
4%
Cartagena Colombie 1,576,312
4%
Cirebon Indonesie 2,541,830
4%
Dailan Chine 4,087,733
4%
Gujranwala Pakistan 2,948,936
4%
Gwangju Coree du Sud 1,694,454
4%
Ipoh Malaisie 1,499,009
4%
Kayseri Turquie 1,358,980
4%
Maracay Venezuela 1,711,144
4%
Mirat (Meerut) Inde 2,086,194
4%
Nizhny Novgorod Russie 2,086,972
4%
Onitsha Nigeria 1,708,539
4%
Penang Malaisie 2,412,586
4%
Queretaro Mexique 1,519,622
4%
San Luis Potosi Mexique 1,261,799
4%
Srinagar Inde 1,273,312
4%
Taichung-Changhua Taiwan 4,054,385
4%
Tangshan Chine 3,355,687
4%
Ulsan Coree du Sud 1,516,703
4%
Visakhapatnam Inde 5,618,000
4%
Voronezh Russie 1,332,382
4%
Allahabad Inde 1,272,612
3%
Barquisimeto Venezuela 1,433,805
3%
Batam Indonesie 1,336,252
3%
Catovice Pologne 2,733,616
3%
Chang Mai Thailande 1,310,910
3%
Chelyabinsk Russie 1,608,652
3%
Damietta Egypte 1,535,860
3%
Datong Chine 1,390,461
3%
Diyarbakir Turquie 1,673,119
3%
Grand Rapids Etats-Unis 1,412,470
3%
Irbid Jordanie 1,770,158
3%
Jabalpur Inde 1,270,321
3%
Kirkuk Irak 1,255,927
3%
Ludhiana Inde 1,701,212
3%
Luoyang Chine 1,658,261
3%
Macassar Indonesie 2,225,048
3%
Moultan Pakistan 4,745,109
3%
Oshogbo Nigeria 2,088,527
3%
Shizuoka Japon 1,621,685
3%
Urfa Turquie 1,940,627
3%
Banjarmasin Indonesie 1,904,427
2%
Bengdu Chine 1,282,989
2%
Bhubaneswar Inde 1,666,429
2%
Can Tho Vietnam 1,603,543
2%
Dandong Chine 1,947,741
2%
Handan Chine 1,420,730
2%
Huainan Chine 1,481,291
2%
Joinville Bresil 1,400,128
2%
Kannur Inde 1,642,892
2%
Khulna Bangladesh 1,611,731
2%
Kikwit Republique Democratique du Congo 1,326,068
2%
Krasnoyarsk Russie 1,324,915
2%
Maceio Bresil 1,330,291
2%
Mardan Pakistan 2,373,061
2%
Nadjaf Irak 1,389,537
2%
Nashik Inde 1,832,195
2%
Qiqihar Chine 1,411,011
2%
Sukkur Pakistan 1,487,903
2%
Vadadora Inde 1,817,191
2%
Vijayawada Inde 1,491,202
2%
Yancheng Chine 1,615,717
2%
Yinchuan Chine 1,640,400
2%
Zhanjiang Chine 1,753,235
2%
Abbottabad Pakistan 1,332,912
1%
Asanol Inde 1,317,369
1%
Cagayan de Oro Philipines 1,376,343
1%
Ekurhuleni Afrique du Sud 3,379,104
1%
Jamshedpur Inde 1,337,131
1%
Joa Pessoa Bresil 1,266,463
1%
Kanangra Republique Democratique du Congo 1,271,704
1%
Kozhikobe Inde 2,030,519
1%
Malappuram Inde 1,698,645
1%
Manisa Turquie 1,396,945
1%
Mataram Indonesie 1,265,090
1%
Mwene-Ditu Republique Democratique du Congo 1,252,469
1%
Ogbomosho Nigeria 1,334,387
1%
Pingxiang Chine 1,411,09
1%
Rongcheng Chine 1,755,437
1%
Thiruvananthapuram Inde 1,687,406
1%
Thrissur Inde 1,854,783
1%
Tshikapa Republique Democratique du Congo 1,450,615
1%
Xinyang Chine 1,378,700
1%
Zhangjiakou Chine 1,440,407
1%
Novokuznetsk Russie 1,312,614
0%
Aucun quiz correspondant
Distribution des résultats
% des personnes avec chaque résultat
Percentile par nombre de réponses
Votre historique - résultats
Vous n’avez pas pris ce quiz